书目信息 |
| 题名: |
食品色香味化学
|
|
| 作者: | 黄梅丽 著 | |
| 分册: | ||
| 出版信息: | 北京 轻工业出版社 1984 |
|
| 页数: | 227页 | |
| 开本: | 19cm | |
| 丛书名: | ||
| 单 册: | ||
| 中图分类: | TS201.2 | |
| 科图分类: | ||
| 主题词: | 食品化学 | |
| 电子资源: | ||
| ISBN: | 15042.1840 | |
| 000 | 00610nam0 2200229 450 | |
| 001 | 0184011029 | |
| 005 | 20100712220905.0 | |
| 010 | @a15042.1840@dCNY0.97 | |
| 091 | @a15042.1840 | |
| 100 | @a19950701d1984 emky0chiy0110 ea | |
| 101 | 0 | @achi |
| 102 | @aCN@b110000 | |
| 105 | @ay z 000yy | |
| 106 | @ar | |
| 200 | 1 | @a食品色香味化学@9Shi;Si Pin Se;Shai Xiang Wei Hua Xue @f黄梅丽等著 |
| 210 | @a北京@c轻工业出版社@d1984 | |
| 215 | @a227页@d19cm | |
| 606 | 0 | @a食品化学 |
| 690 | @aTS201.2@v3 | |
| 701 | 0 | @a黄梅丽@9huang mei li@4著 |
| 801 | 0 | @aCN@bAzMarc@c20130904 |
| 905 | @aBZT@dTS@e989@f2@sTS/989 | |
| 食品色香味化学/黄梅丽等著.-北京:轻工业出版社,1984 |
| 227页;19cm |
| ISBN 15042.1840:CNY0.97 |
| ● |
| 相关链接 |
|
|
|
正题名:食品色香味化学
索取号:TS/989
 
预约/预借
| 序号 | 登录号 | 条形码 | 馆藏地/架位号 | 状态 | 备注 |
| 1 | 2000102243 | 2000102243 | 旧书回溯/ [索取号:TS/989] | 在馆 | |
| 2 | 2000102244 | 2000102244 | 旧书回溯/ [索取号:TS/989] | 在馆 |